| 000 | 01822nam a2200361 a 4500 | ||
|---|---|---|---|
| 001 | ebr10412265 | ||
| 003 | CaPaEBR | ||
| 006 | m u | ||
| 007 | cr cn||||||||| | ||
| 008 | 090403s2009 hiuab sb 001 0 eng | ||
| 010 | _z 2009014399 | ||
| 020 | _z9780824833275 (hard cover : alk. paper) | ||
| 020 | _z0824833279 (hard cover : alk. paper) | ||
| 040 |
_aCaPaEBR _cCaPaEBR |
||
| 035 | _a(OCoLC)671812357 | ||
| 043 | _aa-ls--- | ||
| 050 | 1 | 4 |
_aBL2067 _b.H66 2009eb |
| 082 | 0 | 4 |
_a294.3/35 _222 |
| 100 | 1 |
_aHolt, John, _d1948- |
|
| 245 | 1 | 0 |
_aSpirits of the place _h[electronic resource] : _bBuddhism and Lao religious culture / _cJohn Clifford Holt. |
| 260 |
_aHonolulu : _bUniversity of Hawai'i Press, _cc2009. |
||
| 300 |
_axiii, 348 p. : _bill. (some col.), maps. |
||
| 504 | _aIncludes bibliographical references (p. 321-329) and index. | ||
| 505 | 0 | _aPowers of the place : Buddhism and the spirit cults of Muang Lao -- Interventions from afar: nonspiritual powers in place -- Questions of place: religious culture in a post-revolutionary space -- Commodities of the place: ritual expressions and the marketing of religious culture -- The spirit(s) of the place: Buddhists and contemporary Lao religion reconsidered -- App. 1. Transformations of the Ramayana -- App. 2. The cult of Khwan. | |
| 533 |
_aElectronic reproduction. _bPalo Alto, Calif. : _cebrary, _d2013. _nAvailable via World Wide Web. _nAccess may be limited to ebrary affiliated libraries. |
||
| 650 | 0 |
_aBuddhism _zLaos. |
|
| 650 | 0 |
_aSpirits _zLaos. |
|
| 650 | 0 |
_aReligion and sociology _zLaos. |
|
| 651 | 0 |
_aLaos _xReligion. |
|
| 655 | 7 |
_aElectronic books. _2local |
|
| 710 | 2 | _aebrary, Inc. | |
| 856 | 4 | 0 |
_uhttp://site.ebrary.com/lib/rucke/Doc?id=10412265 _zAn electronic book accessible through the World Wide Web; click to view |
| 999 |
_c87052 _d87052 |
||